Historia de la música country /

Gespeichert in:
Bibliographische Detailangaben
1. Verfasser: Trulls, Alfonso (autor)
Weitere Verfasser: Loquillo (prólogo) (prólogo)
Format: Buch
Sprache:Spanisch
Schriftenreihe:(Canciones ; 170, 174)
Schlagworte:
Tags: Tag hinzufügen
Keine Tags, Fügen Sie das erste Tag hinzu!

MARC

LEADER 00000nam^a2200000^a^4500
001 000165392
005 20250521000000.0
009 20260310101015.177
020 |a 84-245-0682-0 
037 |a Acervo ITESO - Biblioteca 
041 |a ESP 
082 |a 786. 271  |b TRU 
100 |a Trulls, Alfonso  |e (autor) 
245 1 0 |a Historia de la música country /  |c A. Trulls ; pról. de Loquillo ; nota de Angel Alvarez. 
264 |a Madrid, España :  |b Fundamentos,  |c 1994-1995 
300 |a 2 v. 
336 |a texto  |b txt  |2 rdacontenido 
337 |a sin mediación  |b n  |2 rdamedio 
338 |a volumen  |b nc  |2 rdasoporte 
440 1 |a (Canciones ;  |v 170, 174) 
649 |a XX 
650 |a Country -  |x Historia y Crítica 
650 |a Música Folklórica -  |z EUA -  |x Historia y Crítica 
650 |a Música Folklórica -  |x Historia y Crítica 
650 |a Música Popular Moderna -  |z EUA -  |x Historia y Crítica 
650 |a Música Popular Moderna -  |x Historia y Crítica 
650 |a Música Norteamericana -  |x Historia y Crítica 
650 |a Música Norteamericana -  |y Siglo XX 
700 |a Loquillo  |e (prólogo) 
910 |a Fondo General 
920 |a Impresos - Libros 
930 |a Colección General 
905 |a 101 
901 |a 0500100076  |b IT1  |c ACC  |u 20250521 
901 |a 0500100073  |b IT1  |c ACC  |u 20250521 
902 |a https://opac.biblio.iteso.mx/vufind/Record/000165392